Welcome to CU Library Online Public Access Catalogue (OPAC)

Manual of Rheumatology and Outpatient Orthopedic Disorders (Record no. 8559)

MARC details
000 -LEADER
fixed length control field 00596nam a22001817a 4500
005 - DATE AND TIME OF LATEST TRANSACTION
control field 20251211144712.0
008 - FIXED-LENGTH DATA ELEMENTS--GENERAL INFORMATION
fixed length control field 251211b |||||||| |||| 00| 0 eng d
020 ## - INTERNATIONAL STANDARD BOOK NUMBER
International Standard Book Number 9780316688468
050 ## - LIBRARY OF CONGRESS CALL NUMBER
Classification number RC927
Item number .M346
245 ## - TITLE STATEMENT
Title Manual of Rheumatology and Outpatient Orthopedic Disorders
Remainder of title diagnosis and therapy
Statement of responsibility, etc. edited by Stephen Paget, Paul Pellicci & John F. Beary
250 ## - EDITION STATEMENT
Edition statement 3rd ed.
260 ## - PUBLICATION, DISTRIBUTION, ETC.
Place of publication, distribution, etc. Boston
Name of publisher, distributor, etc. Little, Brown and Company
Date of publication, distribution, etc. 1993
300 ## - PHYSICAL DESCRIPTION
Extent xvii.527p.
Other physical details ill.
Dimensions 22cm
700 ## - ADDED ENTRY--PERSONAL NAME
Personal name Paget, Stephen
700 ## - ADDED ENTRY--PERSONAL NAME
Personal name Pellicci, Paul
700 ## - ADDED ENTRY--PERSONAL NAME
Personal name Beary, John F.
942 ## - ADDED ENTRY ELEMENTS (KOHA)
Source of classification or shelving scheme Library of Congress Classification
Koha item type Books
Edition 3rd ed.
Suppress in OPAC No
999 ## -
-- 8559
-- 8559
Holdings
Withdrawn status Lost status Source of classification or shelving scheme Damaged status Not for loan Collection Home library Current library Shelving location Date acquired Total checkouts Full call number Barcode Date last seen Copy number Price effective from Koha item type
    Library of Congress Classification     Non-fiction Science Library (Miotso) Science Library (Miotso) Reference 12/11/2025   RC927 .M346 MAN SLM00006619 12/11/2025 1 12/11/2025 Books
© 2023-2024 Copyright: Central University Libraries. All Rights Reserved | Created by: Mahone Tech Office